000 00651nam a22001697a 4500
003 OSt
005 20150807140909.0
008 150807b xxu||||| |||| 00| 0 eng d
040 _cMACL
041 _aHindi
082 _a741.642
100 _4284/3
_aप्रकाशन विभाग
_94825
245 _aजालियावाला बाग/विश्व के प्रमुख देशों का संचिप्त परिचय/कम लागत
260 _aनई दिल्ली
_bप्रकाशन विभाग
_c1969
650 _aचिल्ड्रेन बुक्स
_9343
942 _2ddc
_cHIN
999 _c50207
_d50207